000 00559nam a2200193Ia 4500
001 16055
003 IN-NITTTR
005 20251114233151.0
008 251113s9999||||xx |||||||||||||| ||eng||
040 _beng
040 _cIN-NITTTR
041 _aeng
082 _a025.56 B381L
100 _aBeaubien, Anne K.
245 0 _aLearning the library :
_b concepts and methods for effective bibliographic instruction. /
_cBeaubien, Anne K., Hogan, Sharon A., George, Mary W.
700 _a George, Mary W.
700 _a Hogan, Sharon A.
942 _2ddc
_cBK
999 _c18689
_d18689